TV Show by Made-up Song Quiz Stats

 Plays Quiz Updated May 16, 2019

Score 0/15 Timer 05:00
5 Plays Today
% Correct
Friends
90.5%
Dora the Explorer
76.4%
The Office
74.4%
Saturday Night Live
65.1%
Sesame Street
64.6%
Hannah Montana
63.9%
The Simpsons
59.6%
30 Rock
49.1%
% Correct
Parks and Recreation
46.1%
It's Always Sunny in Philadelphia
43.1%
Phineas and Ferb
40.6%
Arrested Development
34.6%
Lost
25.4%
Smash
23.9%
Avatar: The Last Airbender
23.8%

You're not logged in!

Compare scores with friends on all Sporcle quizzes.
OR
Log In

Show Comments

Extras

Top Quizzes Today


Score Distribution

Your Account Isn't Verified!

In order to create a playlist on Sporcle, you need to verify the email address you used during registration. Go to your Sporcle Settings to finish the process.

Report this User

Report this user for behavior that violates our Community Guidelines.

Details: